000 00501cam a2200193ua 4500
001 8174
008 150110n ii |||gr||||Z||||||hin
040 _cMAIN
041 _ahin
082 _a891.433
100 _aGarg, L. N.,
_eAuthor.
245 1 _aManushya :
_bAantarik shaktiyu ks niysmak /
_cBy Lakhmi Narayan Garg .
250 _a1st.
260 _aNew Delhi:
_bAnurag,
_c1977.
300 _a56p.
653 _aEast Indo-European & Celtic literatures
653 _aHindi novels
942 _cBK
999 _c7289
_d7289